| 000 | 01165nam a2200277 4500 | ||
|---|---|---|---|
| 001 | 131795 | ||
| 003 | ES-MaACL | ||
| 005 | 20260114101613.0 | ||
| 007 | t| | ||
| 008 | 070214s1907 sp r ||||1| spa d | ||
| 080 | _a821.134.2 Espinosa, Pedro 1.07 | ||
| 080 | _a929 Espinosa, Pedro | ||
| 100 | 1 |
_aRodríguez Marín, Francisco, _d1855-1943 _998634 |
|
| 245 | 1 | 0 |
_aPedro Espinosa : _bestudio biográfico, bibliográfico y crítico / _cpor D. Francisco Rodríguez Marín. |
| 260 |
_aMadrid : _b[s.n.], _c1907 ( _fTip. de la Revista de Archivos) |
||
| 300 |
_aVIII, 461 p. ; _c29 x 20 cm. |
||
| 500 | _aApéndices. | ||
| 530 | _aDisponible en formato digital. | ||
| 586 | _a"Obra premiada con medalla de oro en público certamen por voto unánime de la Real Academia Española, e impresa a sus expensas" | ||
| 594 | _aEs continuación de esta obra: Obras de Pedro Espinosa / coleccionadas y anotadas por Francisco Rodríguez Marín. | ||
| 600 | 1 | 4 |
_aEspinosa, Pedro. _947898 |
| 852 |
_aES-MaACL _jF-3059 _cDEPO2 |
||
| 856 | 4 |
_uhttps://archive.org/details/pedroespinosaest00rodr _yInternet Archive |
|
| 942 | _2udc | ||
| 999 |
_c131795 _d131795 |
||